000 00890nam a2200241 i 4500
001 172545
003 ES-MaACL
005 20230906214941.0
008 090716s1973 fr |||| | fre d
080 _a821.112.2-21"18"
100 1 _aHebbel, Friedrich (
_d1813-1863)
_9157462
245 1 0 _aMarie-Madeleine
_b= (Maria Magdalene) /
_cHebbel ; traduction et préface de Louis Brun.
260 _aParis :
_bAubier, Éditions Montaigne,
_c[1973]
300 _a183 p. ;
_c19 cm.
490 1 _aCollection bilingue des classiques étrangers
504 _aBibliografía : p. [171]-177.
546 _aTexto alemán y traducción francesa.
700 1 _aBrun, Louis.
_9141096
830 0 _aCollection bilingue des classiques étrangers
_9187404
852 _aES-MaACL
_jE-12862
_9R.139446
_z.- Biblioteca Jacinto Martínez Lacalle
999 _c172545
_d172545